01385cam a2200301 a 4500999001700000001000900017005001700026008004100043010001700084020001900101040001300120050002200133245020700155246006200362260009900424300004700523504005100570600006200621650002700683650004400710650004000754700003200794700002300826700002800849906004500877942003500922952012600957 c22726d227261629652320170124152809.0100622s2010 ctu b 001 0 eng  a 2010026290 a9780300163704  aDLCcDLC00aNA2794b.S77 201004aThe structure of light :bRichard Kelly and the illumination of modern architecture /cedited by Dietrich Neumann ; foreword by Robert A.M. Stern ; with contributions by Michelle Addington ... [et al.].30aRichard Kelly and the illumination of modern architecture aNew Haven :bYale University Press in association with the Yale School of Architecture,c2010. aviii, 214 p. :bill. (some col.) ;c28 cm. aIncludes bibliographical references and index.10aKelly, Richard,d1910-1977xCriticism and interpretation. 0aLight in architecture. 0aLighting, Architectural and decorative. 0aArchitecture, Moderny20th century.1 aKelly, Richard,d1910-1977.1 aNeumann, Dietrich.1 aAddington, D. Michelle. a7bcbccorignewd1eecipf20gy-gencatlg 2lcccBOOKShNA 27 94 .S77 2010 00102lcc4070aMUCbMUCcGENd2017-01-24eDonation (B.F.A)l0oNA 27 94 .S77 2010p31743r2017-01-24w2017-01-24yBOOKS